000
00277nam a2200109Ia 4500
008
221009s9999 xx 000 0 und d
082
_a
403
100
_a
Gupta, Dr. Jitendra N,
_9
5251
245
0
_a
Encyclopaedia Of Everday Science
260
_b
Pragya Publications
942
_c
BK
999
_c
64801
_d
64801